| 000 | 00780nam a22002417a 4500 | ||
|---|---|---|---|
| 999 |
_c144 _d144 |
||
| 003 | AR-CdUCM | ||
| 008 | 190221b ||||| |||| 00| 0 spa d | ||
| 040 |
_aMUNICIPALIDAD PROVINCIAL DEL CUSCO _cBIBLIOTECA MUNICIPAL DEL CUSCO |
||
| 082 |
_a909 / _bM19 |
||
| 100 |
_aMaluquer de Montes, Juan _9683 |
||
| 245 | _aLa humanidad prehistorica / | ||
| 260 |
_aEspaña : _bAlianza , _c1971 |
||
| 300 |
_a196 páginas ; _c18 cm. |
||
| 440 |
_aSavat _9684 |
||
| 505 | _aEL paleolitico-- Neolitico medio -- Neolitico superior -- Mesolitico -- revolución neolítica... | ||
| 650 |
_aPrehistoria. _9685 |
||
| 650 |
_aNeolítico. _9686 |
||
| 650 |
_aMesolítico. _9687 |
||
| 650 |
_aEdad de bronce _9688 |
||
| 700 |
_aPericot, Luis _9689 |
||
| 942 |
_2ddc _cLIBROS |
||
| 945 |
_awfj _d2019-02-21 |
||